1689 1048 1783 1732 1398 1993 1753 1443 1567 1249 1382 1986 1387 1050 1586 1553 1941 1552 1811 1902 1475 1253 1802 1716 1486 1581 1774 1758 1992 1079 1276 1852 1234 1941 1686 1255 1736 1388 1203 1905 1067 1557 1052 1002 1121 1621 1716 1616 1875 1996 1398 1720 1758 1671 1211 1650 1061 1119 1520 1157 1205 1040 1249 1871 1211 1684 1116 1744 1511 1835 1990 1000 1691 1165 1242 1854 1100 1368 1550 1473 1104 1371 1561 1094 1529 1795 1414 1570 1916 1317 1057 1606 1065 1507 1212 1376 1137 1538 1863 BCNSPRNW ULIB Ver.6.0+V

เปลี่ยนเป็นภาษาไทย

Change to English
 แสดงรายละเอียดบรรณานุกรม
  กลับหน้าหลัก

Brief Record : Get Marc (ISO 2709) : E-mail record : QR code < ปิดหน้าต่าง
LEADER : 00000nam 2200000uu 4500
001    13399109804
003     ULIB
008    110411s2549||||th 000 0 tha d
060 04 WC503^bส691ส 2549
111 2  การสัมมนาระดับชาติเรื่องโรคเอดส์^n(ครั้งที่ 10 :^d2549 :^cกรุงเทพฯ)
245 10 สรุปรายงานการสัมมนาระดับชาติเรื่องโรคเอดส์ ครั้งที่ 10วันที่ 13-15 กรกฎาคม 2549 ณ มหาวิทยาลัยราชภัฏสวนดุสิต และมหาวิทยาลัยราชภัฏสวนสุนันทา /^cโดย สำนักโรคเอดส์ วัณโรคและโรคติดต่อทางเพศสัมพันธ์ กรมควบคุมโรค กระทรวงสาธารณสุข ;คณะบรรณาธิการ, พีระมน นิงสานนท์
246 30 โรคเอดส์
260    นนทบุรี :^bสำนัก,^c2549
300    364 หน้า ;^c30 ซม. +^eซีดี-รอม 1 แผ่น
650  7 กลุ่มอาการภูมิคุ้มกันเสื่อม^vการประชุม
650  7 การติดเชื้อเอชไอวี^vการประชุม
650  7 โรคเอดส์^vการประชุม
650  7 เพศสัมพันธ์
650  7 วัยรุ่น^xพฤติกรรมทางเพศ
700 0  พีระมน นิงสานนท์,^eบรรณาธิการ
710 2  กรมควบคุมโรค. ^bสำนักโรคเอดส์ วัณโรคและโรคติดต่อทางเพศสัมพันธ์
945    ^p0^l0^i019572
995    ทศพร
999 ^a ใช้งานได้ทุกระบบ
รายการนี้ยังไม่มีแท็ก
คุณยังไม่ได้ล็อกอิน คุณสามารถมีกิจกรรมร่วมกับเว็บไซต์ได้ แต่ต้องล็อกอินก่อน ::
  ล็อกอิน

รายการสื่อสารสนเทศ

ลำดับที่ ประเภท เลขเรียก/บาร์โค้ด สถานที่ สถานะ
- ไม่พบข้อมูล -

รายการใกล้เคียง
    หัวเรื่อง [เพศสัมพันธ์]

BibComment


ยังไม่เคยถูกคอมเมนท์

คอมเมนท์ทรัพยากรรายการนี้
  คอมเมนท์: สรุปรายงานการสัมม..


 Copyright 2026. Bcnsprnw @Library